00266cam a22000977a 4500008004000000082001700040100003300057245005500090260001300145300001000158180718b2012 xxu||||| |||| 00| 0 eng d aV43x5451 J63 aJohnson, Mary Esther Cynthia aLakes of Hyderabadcby Mary Esther Cynthia Johnson abc2012 a129p.